Physical and chemical basis of molecular biology. (Record no. 795283)

MARC details
000 -LEADER
fixed length control field 00746nam a2200253Ia 4500
003 - CONTROL NUMBER IDENTIFIER
control field OSt
005 - DATE AND TIME OF LATEST TRANSACTION
control field 20220928132639.0
008 - FIXED-LENGTH DATA ELEMENTS--GENERAL INFORMATION
fixed length control field 220927b |||||||| |||| 00| 0 eng d
037 ## - SOURCE OF ACQUISITION
Terms of availability Textual
040 ## - CATALOGING SOURCE
Original cataloging agency SDCL
Transcribing agency SDCL
Language of cataloging eng
041 ## - LANGUAGE CODE
Source of code eng
Language code of text/sound track or separate title eng
100 ## - MAIN ENTRY--PERSONAL NAME
Personal name Creighton Thomas E
245 #0 - TITLE STATEMENT
Title Physical and chemical basis of molecular biology.
260 ## - PUBLICATION, DISTRIBUTION, ETC.
Place of publication, distribution, etc. New York
Name of publisher, distributor, etc. Helvetian Press
Date of publication, distribution, etc. 2010
300 ## - PHYSICAL DESCRIPTION
Extent xxxx,642p
Dimensions cm.
650 ## - SUBJECT ADDED ENTRY--TOPICAL TERM
Topical term or geographic name entry element Biophysics
942 ## - ADDED ENTRY ELEMENTS (KOHA)
Classification part G9M, Q0
Koha item type Textual
Source of classification or shelving scheme Colon Classification (CC)
Holdings
Withdrawn status Lost status Damaged status Not for loan Home library Current library Date acquired Source of acquisition Cost, normal purchase price Total Checkouts Full call number Barcode Date due Date last seen Date last checked out Cost, replacement price Price effective from Koha item type
        South Campus Library Central Library 2022-09-28 5878, 04/02/2013, New India Book Agency 6286.50 1 G9M Q0 SC1509157 2023-12-26 2025-01-08 2025-01-08 6286.50 2022-09-28 Textual
Copyright @ Delhi University Library System